| 000 | 00000nam##2200000za#4500 |
| 001 | 9.647962 |
| 003 | CaOODSP |
| 005 | 20230117131516 |
| 007 | ta |
| 008 | 150407|2001||||xxc||||| f|0| 0 eng|d |
| 020 | |a0-662-29964-7|z0-662-65386-6 |
| 040 | |aCaOODSP|beng |
| 043 | |an-cn--- |
| 086 | 1 |aJL2-12/2000E |
| 110 | 2 |aLaw Commission of Canada. |
| 245 | 10|aSpeaking truth to power : |ba treaty forum |
| 260 | |aOttawa - Ontario : |bLaw Commission of Canada |c2001. |
| 300 | |ai, 194p. : |bmaps ; |c24 cm. |
| 504 | |aBibliography. |
| 563 | |aSoftcover |
| 590 | |a01-12|b2001-03-23 |
| 690 | 07|aIndigenous lands|2gcpds |
| 690 | 07|aLand claims|2gcpds |
| 690 | 07|aConstitutional law|2gcpds |
| 775 | 08|tParlons franchement à propos des traités |w(CaOODSP)9.681422 |
| 776 | 0#|tSpeaking truth to power : |w(CaOODSP)9.696342 |